[Event "5th Arab Cities"]
[Site "Beirut LBN"]
[Date "2007.04.09"]
[Round "2"]
[White "Abdel Razik,K"]
[Black "Eid,Fa"]
[Result "1/2-1/2"]
[WhiteElo "2375"]
[BlackElo "2375"]

1.d4 d5 2.c4 dxc4 3.Nf3 a6 4.Nc3 b5 5.a4 b4 6.Na2 e6 7.e3 Nf6 8.Bxc4 Bd6
9.Bd2 a5 10.Nc1 O-O 11.Nd3 Bb7 12.O-O Ne4  1/2-1/2

[Event "Reykjavik International"]
[Site "Reykjavik ISL"]
[Date "2007.04.19"]
[Round "9"]
[White "Johannesson,I"]
[Black "Bergsson,Sn"]
[Result "1/2-1/2"]
[WhiteElo "2299"]
[BlackElo "2296"]

1.d4 d5 2.c4 dxc4 3.Nf3 a6 4.e3 b5 5.a4 Bb7 6.b3 e6 7.axb5 axb5 8.Rxa8 Bxa8
9.bxc4 bxc4 10.Bxc4 Nf6 11.O-O Bd6 12.Nc3 O-O 13.Bb2 c5 14.dxc5 Bxc5 15.Qxd8  1/2-1/2

[Event "TCh-BIH"]
[Site "Vogosca BIH"]
[Date "2007.06.08"]
[Round "7"]
[White "Drasko,M"]
[Black "Leventic,I"]
[Result "1/2-1/2"]
[WhiteElo "2543"]
[BlackElo "2500"]

1.d4 d5 2.c4 dxc4 3.Nf3 c5 4.e4 cxd4 5.Qxd4 Qxd4 6.Nxd4 Bd7 7.Bxc4 Nc6 8.Nxc6 Bxc6
9.f3 e6 10.Be3 Nf6 11.Nd2 Bd6 12.Be2 Nd7 13.Kf2 Ke7 14.Rac1 Rhc8  1/2-1/2

[Event "ch-NED w"]
[Site "Hilversum NED"]
[Date "2007.06.24"]
[Round "6"]
[White "Bensdorp,M"]
[Black "Peng Zhaoqin"]
[Result "0-1"]
[WhiteElo "2227"]
[BlackElo "2439"]

1.d4 d5 2.c4 dxc4 3.Nf3 a6 4.e3 e6 5.Bxc4 c5 6.O-O Nf6 7.a4 Nc6 8.Qe2 Qc7
9.Rd1 Be7 10.Nc3 O-O 11.h3 b6 12.d5 exd5 13.Nxd5 Nxd5 14.Bxd5 Bb7 15.e4 Rad8
16.Bd2 Bf6 17.Bc3 Bxc3 18.bxc3 Rfe8 19.Qa2 Na5 20.c4 Bxd5 21.exd5 Qf4 22.Qd2 Qxc4
23.Qg5 h6 24.Qf5 Qe4 25.Qxe4 Rxe4 26.d6 Re6 27.d7 Kf8 28.Rd5 Nc6 29.Rad1 Ke7
30.Kf1 a5 31.R5d2 Nb8 32.Rb2 Rxd7 33.Rdb1 Rdd6 34.Nd2 Rd4 35.Rxb6 Rxb6 36.Rxb6 Nd7
37.Rb2 Rxa4 38.Ke2 Rb4 39.Ra2 a4 40.Kd3 Nb6 41.Rc2 Rd4+ 42.Ke3 Nd5+ 43.Kf3 f5  0-1

[Event "Open"]
[Site "Pula CRO"]
[Date "2007.06.24"]
[Round "2"]
[White "Toefferl,H"]
[Black "Feletar,D"]
[Result "1/2-1/2"]
[WhiteElo "2130"]
[BlackElo "2380"]

1.d4 d5 2.c4 dxc4 3.Nf3 a6 4.e3 Nf6 5.Bxc4 e6 6.a4 c5 7.O-O Nc6 8.Nc3 Be7
9.Qe2 cxd4 10.exd4 O-O 11.Rd1 Nb4 12.Bf4 Bd7 13.Rd2 Rc8 14.Re1 Bc6 15.Ne5 Bd5
16.b3 Nc6 17.Rd3 Qa5 18.Bd2 Bxc4 19.bxc4 Qc7 20.Ng4  1/2-1/2

[Event "Open"]
[Site "Pula CRO"]
[Date "2007.06.26"]
[Round "4"]
[White "Kojic,T"]
[Black "Feletar,D"]
[Result "1/2-1/2"]
[WhiteElo "2248"]
[BlackElo "2380"]

1.d4 d5 2.c4 dxc4 3.Nf3 a6 4.a4 Nf6 5.e3 e6 6.Bxc4 c5 7.O-O Nc6 8.Nc3 Be7
9.dxc5 Qxd1 10.Rxd1 Bxc5 11.Bd2 Bd7 12.Na2 Ne4 13.Be1 a5 14.Bb5 Be7 15.Rac1 f6
16.Nd4 Nc5 17.b4 axb4 18.Nxb4 Nxd4 19.Bxd7+ Kxd7 20.Rxd4+ Ke8 21.Rdc4 Nxa4
22.Rc7 Rb8 23.Ra1 Nc5 24.Ra5 Nd7 25.Ra7 Nc5 26.Ra5 Nd7 27.Ra7 Nc5  1/2-1/2

[Event "Open A"]
[Site "Kowalewo Pomorskie POL "]
[Date "2007.07.05"]
[Round "3"]
[White "Grabarczyk,M"]
[Black "Smirnov,Alek"]
[Result "1-0"]
[WhiteElo "2482"]
[BlackElo "2247"]

1.d4 d5 2.c4 dxc4 3.Nf3 c5 4.e3 cxd4 5.exd4 Be6 6.Nc3 Nf6 7.Ne5 Nc6 8.Nxc6 bxc6
9.Qa4 Qd7 10.Bxc4 Bxc4 11.Qxc4 e6 12.O-O Nd5 13.Bg5 Bd6 14.Rac1 h6 15.Bd2 Nf6
16.Qe2 O-O 17.Ne4 Nd5 18.Rc4 Rab8 19.b3 Be7 20.Rfc1 Rbc8 21.Nc5 Qe8 22.h3 Bd6
23.Nd3 Ba3 24.Rd1 Bd6 25.Ne5 f6 26.Nd3 Rf7 27.Rdc1 Ba3 28.Re1 Re7 29.b4 Rb8
30.Qd1 a5 31.bxa5 Bd6 32.Qc2 Rc8 33.Rc1 Rec7 34.Nc5 Bxc5 35.Rxc5 Qd7 36.a6 Ne7
37.Qc4 Kh7 38.Ba5 Ra7 39.Bb6 Raa8 40.Ra5  1-0

[Event "Spring A"]
[Site "Volodarskij RUS"]
[Date "2007.07.05"]
[Round "13"]
[White "Makogonov,I"]
[Black "Nikolenko,S"]
[Result "1/2-1/2"]
[WhiteElo "2379"]
[BlackElo "2349"]

1.d4 d5 2.c4 dxc4 3.Nf3 c5 4.e3 cxd4 5.Qxd4 Qxd4 6.Nxd4 a6 7.Bxc4 Nf6 8.Nc3 e6
9.Be2 Bd7 10.O-O Nc6 11.Nxc6 Bxc6 12.Bd2 Bd6 13.Rac1 Ke7 14.Rfd1 Rac8  1/2-1/2

[Event "Heart of Finland"]
[Site "Jyvaskyla FIN"]
[Date "2007.07.20"]
[Round "9"]
[White "Johansson,Ju"]
[Black "Bykov,Alexe1"]
[Result "0-1"]
[WhiteElo "2127"]
[BlackElo "2250"]

1.d4 d5 2.c4 dxc4 3.Nf3 a6 4.e3 Bg4 5.Bxc4 e6 6.Nc3 Nc6 7.O-O Nf6 8.b3 Bd6
9.Bb2 O-O 10.h3 Bh5 11.Be2 Qe7 12.a3 Rad8 13.Qc2 e5 14.d5 Bg6 15.Qd1 e4 16.Nh4 Qe5
17.g3 Ne7 18.Qc2 Nf5 19.Nxe4 Qxe4 20.Bd3 Nxe3 21.Bxe4 Nxc2 22.Nxg6 Nxe4 23.Nxf8 Nxa1  0-1

[Event "Open Women Bulgarian Ch"]
[Site "Vratsa BUL"]
[Date "2007.07.26"]
[Round "2"]
[White "Koen,M"]
[Black "Vladimirova,M"]
[Result "1-0"]
[WhiteElo "2192"]
[BlackElo "1998"]

1.d4 d5 2.Nf3 c5 3.c4 dxc4 4.e3 Nf6 5.Bxc4 e6 6.O-O Qc7 7.Qe2 cxd4 8.exd4 Be7
9.Nc3 O-O 10.Re1 Bb4 11.Bg5 Nbd7 12.Rec1 Qa5 13.Ne4 Nxe4 14.Qxe4 Qf5 15.Qxf5 exf5
16.Bf4 Nf6 17.a3 Ba5 18.Bd6 Re8 19.Bb5 Bd7 20.Bxd7 Nxd7 21.Bc7 Bb6 22.Bxb6 Nxb6
23.Kf1 Rac8 24.Rc5 Nd7 25.Rxc8 Rxc8 26.Rd1 Nb6 27.g3 f6 28.Re1 Kf7 29.Re2 Nd5
30.Nh4 g6 31.Nf3 b5 32.Ke1 a5 33.Kd1 b4 34.axb4 axb4 35.Rc2 Rd8 36.Kd2 Ke6
37.Rc6+ Kd7 38.Rc5 Kd6 39.Ra5 Kc6 40.Ra7 Kb5 41.Kd3 Rc8 42.Rxh7 b3 43.Rb7+ Ka4
44.Ne1 Nb4+ 45.Kd2 Nc2 46.Nd3 Na1 47.Ra7+ Kb5 48.Rxa1  1-0

[Event "Sun Pawn Open"]
[Site "Ilichevsk UKR"]
[Date "2007.07.28"]
[Round "8"]
[White "Zazuliak,A"]
[Black "Fingerov,D"]
[Result "0-1"]
[WhiteElo "2146"]
[BlackElo "2330"]

1.d4 d5 2.c4 dxc4 3.Nf3 c5 4.e4 cxd4 5.Qxd4 Qxd4 6.Nxd4 a6 7.Bxc4 e6 8.Nc3 Nf6
9.f3 b5 10.Bb3 Bc5 11.Be3 Bb7 12.Ke2 Nbd7 13.Rhd1 Rc8 14.Rac1 Ke7 15.Nb1 h6
16.Nd2 g5 17.a4 Nh5 18.g3 g4 19.axb5 axb5 20.f4 Nhf6 21.Bc2 h5 22.Nxb5 h4
23.Bxc5+ Rxc5 24.Nc3 hxg3 25.hxg3 Ba6+ 26.Ke3 Rh3 27.Rg1 Rc6 28.e5 Nh5 29.Nde4 f5
30.exf6+ Ndxf6 31.Nxf6 Nxf6 32.Ne4 Nd5+ 33.Kd4 Rc4+ 34.Ke5 Nb4 35.f5 Rh5  0-1

[Event "Open Women Bulgarian Ch"]
[Site "Vratsa BUL"]
[Date "2007.07.30"]
[Round "7"]
[White "Trifonova,S"]
[Black "Vladimirova,M"]
[Result "1/2-1/2"]
[WhiteElo "1889"]
[BlackElo "1998"]

1.d4 d5 2.Nf3 c5 3.c4 dxc4 4.d5 e6 5.Nc3 Nf6 6.e4 exd5 7.e5 Nfd7 8.Bg5 Be7
9.Bxe7 Qxe7 10.Nxd5 Qd8 11.Bxc4 O-O 12.O-O Nb6 13.Nxb6 Qxb6 14.Qc2 h6 15.Rad1 Nc6
16.Rd6 Qc7 17.Rxh6 gxh6 18.Qg6+ Kh8 19.Qxh6+ Kg8 20.Qg6+ Kh8 21.Qf6+ Kg8
22.Qg6+ Kh8  1/2-1/2

[Event "MTO"]
[Site "Biel SUI"]
[Date "2007.07.31"]
[Round "8"]
[White "Lasinskas,P"]
[Black "Raetsky,A"]
[Result "0-1"]
[WhiteElo "2183"]
[BlackElo "2423"]

1.d4 d5 2.c4 dxc4 3.Nf3 a6 4.a4 Nc6 5.e4 Bg4 6.Bxc4 e6 7.Be3 Bxf3 8.gxf3 Qf6
9.Na3 Rd8 10.Nc2 Bc5 11.d5 Bxe3 12.Nxe3 Nge7 13.Ra3 Ne5 14.Be2 O-O 15.Rb3 exd5
16.Nxd5 Nxd5 17.exd5 Ng6 18.Rb4 Rfe8 19.Re4 Re5 20.Qc1 Qd6 21.Bc4 Rde8 22.O-O Rxe4
23.fxe4 Rxe4 24.Qc2 Rh4  0-1

[Event "Open Women Bulgarian Ch"]
[Site "Vratsa BUL"]
[Date "2007.07.31"]
[Round "9"]
[White "Koen,M"]
[Black "Ionescu,I"]
[Result "0-1"]
[WhiteElo "2192"]
[BlackElo "2274"]

1.d4 d5 2.c4 dxc4 3.Nf3 a6 4.e3 Bg4 5.Bxc4 e6 6.Nc3 Nf6 7.h3 Bh5 8.g4 Bg6
9.Ne5 Nbd7 10.Nxg6 hxg6 11.g5 Ng8 12.Qg4 Nb6 13.Bb3 Ne7 14.Bd2 Nf5 15.h4 Qd7
16.O-O-O O-O-O 17.Kb1 Be7 18.Ne2 Qb5 19.Bc3 a5 20.Bc2 Nc4 21.Bd3 Bb4 22.a4 Qc6
23.Bxb4 axb4 24.d5 exd5 25.Bxf5+ gxf5 26.Qxf5+ Kb8 27.Qc2 Qa6 28.Nf4 c6 29.h5 Qb6
30.Qb3 Na5 31.Qc2 d4 32.e4 b3 33.Qe2 Qb4 34.Nd3 Qxa4 35.Nc1 c5 36.e5 Qc6
37.Rh4 Qd5 38.Qb5 Qf3 39.Qe2 Qf5+ 40.Ka1 Qxg5 41.Rdh1 Rh6 42.f4 Qf5 43.Qd3 Qxd3
44.Nxd3 c4 45.Nf2 Ra6 46.R4h3 Nc6+ 47.Kb1 Nb4 48.f5 Nd5 49.f6 gxf6 50.h6 c3
51.h7 c2+ 52.Kc1 Ra1+ 53.Kd2 Rxh1 54.Rxh1 Rh8 55.Ne4 fxe5 56.Rh6 f5 57.Ng5 e4
58.Nf7 e3+ 59.Kc1 Nb4 60.Ne5 Na2+  0-1

[Event "Tsiolkovsky Mem"]
[Site "Kaluga RUS"]
[Date "2007.08.08"]
[Round "6"]
[White "Kovalenko,I"]
[Black "Nachev,S"]
[Result "0-1"]
[WhiteElo "2413"]
[BlackElo "2424"]

1.d4 d5 2.c4 dxc4 3.Nf3 a6 4.e3 Nf6 5.Bxc4 e6 6.O-O c5 7.Bb3 b5 8.a4 b4 9.Qe2 Bb7
10.Rd1 Nbd7 11.a5 Be7 12.Nbd2 O-O 13.Nc4 Qc7 14.Nfe5 Rac8 15.Bd2 cxd4 16.exd4 Bd5
17.Rac1 Qb7 18.Ba4 Nb8 19.f3 Bxc4 20.Nxc4 Nd5 21.Qe4 Nd7 22.Bxd7 Qxd7 23.Nb6 Nxb6
24.axb6 Bd6 25.Be3 Qb5 26.b7 Rb8 27.Qc6 Rfd8 28.d5 Qxb7 29.g3 Bf8 30.Qxb7 Rxb7
31.dxe6 Rxd1+ 32.Rxd1 fxe6 33.Ra1 Rc7 34.Rxa6 Rc2 35.Bd4 Rd2 36.Be5 Bc5+
37.Kh1 Kf7 38.Rc6 Be7 39.Rc7 g5 40.g4 Ke8 41.Rc4 Rf2 42.f4 gxf4 43.Rxf4 Re2
44.Bh8 Bd6 45.Rf3 Rxh2+ 46.Kg1 Rh4 47.Kf2 Rxg4 48.Rh3 Rf4+ 49.Ke3 Rf7 50.Ke4 Kd7
51.Rh6 Bf8 52.Rh1 h6 53.Be5 Rf5 54.Ra1 h5 55.Ra7+ Ke8 56.Ra6 Kf7 57.Ra7+ Kg8
58.Ra6 Bg7 59.Ra8+ Kh7 60.Bxg7 Kxg7 61.Rb8 Rg5 62.Kf4 Rg4+ 63.Ke5 h4 64.Rb7+ Kg6
65.Rb8 Rc4 66.b3 Rc3 67.Rxb4 h3 68.Rg4+ Kh5 69.Rg1 Kh4 70.Kf4 e5+ 71.Kxe5 h2
72.Kf4 Rc5 73.Rg4+ Kh5 74.Rg8 Rc6  0-1

[Event "RC Sport Open"]
[Site "Ceska Trebova CZE"]
[Date "2007.08.12"]
[Round "4"]
[White "Stocek,J"]
[Black "Heberla,B"]
[Result "1/2-1/2"]
[WhiteElo "2572"]
[BlackElo "2484"]

1.d4 d5 2.c4 dxc4 3.Nf3 a6 4.e3 b5 5.a4 Bb7 6.b3 cxb3 7.axb5 axb5 8.Rxa8 Bxa8
9.Bxb5+ c6 10.Bc4 Nd7 11.O-O e6 12.Nc3 Be7 13.e4 Ngf6 14.Qxb3 O-O 15.Rd1 c5
16.e5 Ne4 17.Bf4 Nxc3 18.Qxc3 Nb6 19.Be2 Nd5 20.Qc1 Nxf4 21.Qxf4 Qb6 22.h3 Qb4
23.Nd2 cxd4 24.Bf3 d3 25.Qe3 Bxf3 26.Nxf3 Rd8 27.Ne1 d2 28.Nf3 Bc5  1/2-1/2

[Event "New England Masters"]
[Site "Peabody USA"]
[Date "2007.08.14"]
[Round "3"]
[White "Shankar,G"]
[Black "Figler,I"]
[Result "0-1"]
[WhiteElo "2219"]
[BlackElo "2321"]

1.d4 d5 2.c4 dxc4 3.Nf3 a6 4.e3 Bg4 5.Bxc4 e6 6.O-O Nf6 7.Nbd2 c5 8.Be2 Nc6
9.Nb3 cxd4 10.Nfxd4 Bxe2 11.Qxe2 Nxd4 12.Nxd4 Bc5 13.Rd1 Qe7 14.b3 O-O 15.Bb2 Ba3
16.Rac1 Rfc8 17.f3 h5 18.e4 h4 19.e5 Nd5 20.Nf5 Bc5+ 21.Kh1 Qg5 22.Nd6 Bxd6
23.exd6 Rd8 24.Rc4 Qe3 25.Qc2 h3 26.Rg4 e5 27.Qe4 hxg2+ 28.Kxg2 Nf4+ 29.Kh1 Qxe4
30.fxe4 f6 31.d7 Kf7 32.Ba3 b6 33.Rd6 Rab8 34.Rg1 Nh3 35.Re1 Rb7 36.Kg2 Nf4+
37.Kf3 Ne6 38.Rc1 Rdxd7 39.Ke3 Nd4 40.Rxd7+ Rxd7 41.Bb2 Ne6 42.Ba3 Rc7 43.Rd1 Rc3+
44.Kd2 Rh3 45.Kc1 Rxh2 46.Rd7+ Kg6 47.Rd6 Ng5 48.Rxb6 Nxe4 49.Bf8 Kf7 50.Bb4 Rxa2
51.Kb1 Rg2 52.Rxa6 g5 53.Ba5 g4 54.Rc6 Nd2+ 55.Bxd2 Rxd2 56.Kc1 Rf2 57.Rc7+ Kg6
58.Rc8 f5 59.b4 Rf4 60.b5 Rb4 61.Rb8 Kg5 62.b6 Kf4 63.b7 Ke4 64.Kd2 f4 65.Kc3 Rb1
66.Rg8 Rxb7 67.Rxg4 Kf3 68.Rg5 e4 69.Kd4 e3  0-1

[Event "Petrovskaya Ladya GM"]
[Site "Peterhof RUS"]
[Date "2007.08.16"]
[Round "6"]
[White "Matlakov,M"]
[Black "Kashtanov,R"]
[Result "1-0"]
[WhiteElo "2416"]
[BlackElo "2352"]

1.d4 d5 2.c4 dxc4 3.Nf3 a6 4.e3 Nf6 5.Bxc4 e6 6.O-O c5 7.Bb3 b5 8.a4 b4 9.e4 Bb7
10.e5 Ne4 11.Nbd2 Nxd2 12.Bxd2 cxd4 13.Bg5 Be7 14.Bxe7 Qxe7 15.Nxd4 Nd7 16.Qg4 Nc5
17.Bc4 h5 18.Qf4 h4 19.h3 Rh5 20.Rfe1 Rd8 21.Rad1 Rg5 22.Bf1 Nxa4 23.Rc1 Nc5
24.Rxc5 Qxc5 25.Nxe6 fxe6 26.Qxg5 Qe7 27.Qh5+ Kd7 28.Rc1 Rc8 29.Qd1+ Ke8
30.Qa4+ Kf7 31.Rd1 Bd5 32.Rd4 Rc1 33.Rf4+ Kg8 34.Rxb4 Qg5 35.Rg4 Rxf1+ 36.Kxf1 Qc1+
37.Ke2 Qxb2+ 38.Kd3 Qb1+ 39.Qc2 Qb5+ 40.Ke3 Bc6 41.Qc3 a5 42.f3 Qb6+ 43.Qd4 Qc7
44.Qc5 a4 45.Rxa4 Qb7 46.Rb4 Qa8 47.Rxh4  1-0

[Event "1st Serbian League Men"]
[Site "Zlatibor SRB"]
[Date "2007.08.20"]
[Round "9"]
[White "Abramovic,B"]
[Black "Kizov,A"]
[Result "1-0"]
[WhiteElo "2516"]
[BlackElo "2396"]

1.d4 d5 2.Nf3 c5 3.c4 dxc4 4.d5 e6 5.Nc3 exd5 6.Qxd5 Qxd5 7.Nxd5 Bd6 8.Nd2 Nc6
9.Nxc4 Bb8 10.Bg5 h6 11.Bh4 Be6 12.e4 Nd4 13.Bd3 Bxd5 14.exd5 b5 15.Ne3 g5
16.Bg3 Bxg3 17.hxg3 Nf6 18.Rc1 Nd7 19.Kd2 Ke7 20.Bf5 Nb6 21.Rxc5 Kd6 22.b4 Na4
23.Kd3 Nxf5 24.Nxf5+ Ke5 25.Ne3 Nxc5+ 26.bxc5 Rac8 27.f4+ gxf4 28.gxf4+ Kxf4
29.Rf1+ Kg5 30.Kd4 Rhe8 31.c6 f6 32.Nf5 Re2 33.Nd6 Rd2+ 34.Ke3 Rxd5 35.Nxc8 Rc5
36.Ne7 f5 37.Rf2 h5 38.Kd4 Rc4+ 39.Kd3  1-0

[Event "16th VR Bank Open"]
[Site "Apolda GER"]
[Date "2007.08.24"]
[Round "3"]
[White "Taudte,S"]
[Black "Wichmann,C"]
[Result "1-0"]
[WhiteElo "2094"]
[BlackElo "2401"]

1.d4 d5 2.c4 dxc4 3.Nf3 a6 4.e4 b5 5.Nc3 Bb7 6.Be3 e6 7.e5 c5 8.dxc5 Qxd1+
9.Rxd1 Nd7 10.a4 b4 11.Na2 Bxc5 12.Rxd7 Kxd7 13.Bxc5 c3 14.bxc3 b3 15.Nb4 b2
16.Nd2 Ne7 17.Nd3 Rhc8 18.Bd4 Nf5 19.Nxb2 Nxd4 20.cxd4 Rc1+ 21.Nd1 Bd5 22.Bd3 Ra1
23.Ne4 Bxe4 24.Bxe4 Rb8 25.Bc2 Rb4 26.Kd2 Ra3 27.Re1 Rxd4+ 28.Kc1 Rb4 29.Re3 Rxe3
30.Nxe3 Kc6 31.Kd2 Kc5 32.Kc3 h6 33.f3 Rb8 34.Bd3 Rb4 35.Bc2 Rb8 36.Nc4 Rb7
37.Bd3 Rc7 38.Ne3 Ra7 39.Nc4 Rc7 40.Ne3 Ra7 41.g4 g5 42.Bc4 Ra8 43.Nf1 Kb6
44.Kb4 a5+ 45.Kc3 Rc8 46.Nd2 Rd8 47.Ne4 Kc6 48.Nd6 Rf8 49.Kd4 Kd7 50.Bb5+ Ke7
51.Nb7 f6 52.exf6+ Rxf6 53.Bc6 e5+ 54.Kc5 h5 55.gxh5 Rh6 56.Nxa5 Rxh5 57.Nc4 Kf6
58.a5 Rxh2 59.a6 Ra2 60.Kb6 Kf5 61.Na5 Rb2+ 62.Bb5 Rh2 63.a7 Rh8 64.Bc6 g4
65.fxg4+ Kxg4 66.Nb3 Kf4 67.Nc5 Rg8 68.Ne4 Rh8 69.Nd6 Rd8 70.Kc7 Rh8 71.Nc8 e4
72.a8=Q e3 73.Qa4+ Kg3 74.Qe4 Rh2 75.Qxe3+ Kh4 76.Bd7 Rc2+ 77.Kd8 Rc4 78.Ne7  1-0

[Event "27th Open"]
[Site "Bratto ITA"]
[Date "2007.08.26"]
[Round "4"]
[White "Cebalo,M"]
[Black "Borgo,G"]
[Result "1/2-1/2"]
[WhiteElo "2533"]
[BlackElo "2429"]

1.d4 d5 2.c4 dxc4 3.Nf3 a6 4.e3 b5 5.a4 Bb7 6.b3 cxb3 7.axb5 axb5 8.Rxa8 Bxa8
9.Bxb5+ Nd7 10.Nbd2 Nf6 11.Qxb3 e6 12.O-O c6 13.Be2 c5 14.Bb5 Be7 15.dxc5 Bxc5
16.Bb2 O-O 17.Rc1 Qe7 18.Qc2 Ba3 19.Bxd7 Bxb2 20.Qxb2 Bxf3 21.Nxf3 Qxd7  1/2-1/2

[Event "zt 3.2"]
[Site "Dhaka BAN"]
[Date "2007.08.26"]
[Round "5"]
[White "Russell,MKA"]
[Black "Shrestha,K"]
[Result "1-0"]
[WhiteElo "2220"]
[BlackElo "2157"]

1.d4 d5 2.c4 dxc4 3.Nf3 a6 4.e3 e6 5.Bxc4 Nf6 6.O-O c5 7.Bb3 Nc6 8.Nc3 b5
9.Qe2 Qc7 10.Bd2 Bb7 11.Rac1 c4 12.Bc2 Rd8 13.a4 Qb6 14.axb5 axb5 15.b3 cxb3
16.Bxb3 Ba6 17.Ra1 Be7 18.Rfb1 O-O 19.Bc4 Ra8 20.Bxb5 Bxb5 21.Rxa8 Rxa8 22.Qxb5 Qxb5
23.Rxb5 Ra1+ 24.Rb1 Rxb1+ 25.Nxb1 Ne4 26.Kf1 Kf8 27.Ke2 Ke8 28.Nc3 Nxd2 29.Nxd2 Bb4
30.Kd3 Kd7 31.Nde4 Bxc3 32.Nxc3 Ne7 33.e4 Ng6 34.g3 Ne7 35.Kc4 Nc6 36.f4 f6
37.Na4 Kd6 38.Nc5 Nd8 39.g4 Nf7 40.Nd3 g6 41.h3 Ke7 42.Kc5 Nd6 43.Nf2 f5
44.e5 Nb7+ 45.Kb6 Nd8 46.Kc7 fxg4 47.Nxg4 Nf7 48.Ne3 h6 49.Kc8 h5 50.Kc7 Nh6
51.Kc6 Nf7 52.Kc5 Nd8 53.Kc4 Nc6 54.Kd3 Nb4+ 55.Ke4 Nc6 56.Ng2 Nb4 57.Nh4 Kf7
58.Nf3 Nd5 59.Nd2 Nc3+ 60.Kf3 Nd5 61.Nc4 Nc3 62.Ne3 Ke7 63.Nf1 Kf7 64.Ng3 Ke7
65.Ne2 Nd5 66.Ke4 Kf7 67.Nc1 Nc3+ 68.Kf3 Nd5 69.Nb3 Ke7 70.Nc5 Kf7 71.Nb7 Kf8
72.Nd6 Ke7 73.Nc4 Kf7 74.Ne3 Nc3 75.Nc4 Nd5 76.Na3 Ke7 77.Nb5 Kf7 78.Nd6+  1-0

[Event "4th LGA Premium Cup"]
[Site "Nuernberg GER"]
[Date "2007.09.07"]
[Round "3"]
[White "Del Rio Angelis,S"]
[Black "Hetey,L"]
[Result "1/2-1/2"]
[WhiteElo "2506"]
[BlackElo "2344"]

1.d4 d5 2.c4 dxc4 3.Nf3 c5 4.d5 e6 5.e4 exd5 6.exd5 Bd6 7.Bxc4 Ne7 8.Nc3 a6
9.a4 Bg4 10.Ne4 O-O 11.h3 Bf5 12.Nc3 Nd7 13.O-O h6 14.Ba2 Qc7 15.Nd2 Nf6
16.Nc4 Bg6 17.g4 Ne4 18.Qf3 Bh2+ 19.Kh1 Nxc3 20.bxc3 b5 21.axb5 axb5 22.d6 Bxd6
23.Nxd6 Qxd6 24.Bxf7+ Bxf7 25.Rxa8 Bd5 26.Rxf8+ Kh7 27.Kg1 Bxf3 28.Rxf3 Ng6
29.Rg3 Qd5 30.f4 Nf8 31.Re3  1/2-1/2

[Event "4th LGA Premium Cup"]
[Site "Nuernberg GER"]
[Date "2007.09.08"]
[Round "4"]
[White "Gofshtein,Z"]
[Black "Hirschberg,V"]
[Result "1-0"]
[WhiteElo "2541"]
[BlackElo "2026"]

1.d4 d5 2.c4 dxc4 3.Nf3 a6 4.e3 e6 5.Bxc4 c5 6.O-O Nf6 7.Bb3 cxd4 8.exd4 Nc6
9.Nc3 Be7 10.a3 O-O 11.Qd3 b5 12.Re1 Na5 13.Bc2 Bb7 14.Ne5 Nc6 15.d5 Nxe5
16.Rxe5 Qc7 17.Bf4 Bd6 18.Rae1 Qc4 19.Qg3 exd5 20.Bd3 Qc7 21.Qh3 Ne4 22.Rxd5 Bxd5
23.Nxd5 Qc5 24.Bxe4 f5 25.Bxf5 g6 26.Be6+ Kh8 27.Be3 Qc4 28.Nf6 Qc7 29.Nxh7  1-0

[Event "4th LGA Premium Cup"]
[Site "Nuernberg GER"]
[Date "2007.09.09"]
[Round "6"]
[White "Farago,I"]
[Black "Hirschberg,V"]
[Result "0-1"]
[WhiteElo "2501"]
[BlackElo "2026"]

1.d4 d5 2.c4 dxc4 3.Nf3 a6 4.e4 b5 5.a4 Bb7 6.Nc3 e6 7.axb5 axb5 8.Rxa8 Bxa8
9.Nxb5 Bxe4 10.Bxc4 Bxf3 11.Qxf3 Bb4+ 12.Ke2 c6 13.Bf4 cxb5 14.Bxb5+ Nd7
15.Ra1 Qb6 16.Qa8+ Ke7 17.Bxd7 Nf6 18.Qxh8 Qxd4 19.Kf1 Qxf4 20.Bb5 Bc5 21.Kg1 Ng4
22.Qe8+ Kf6 23.Qd8+ Kg6 24.Qd3+ Kg5 25.h4+ Kh6 26.Qf3 Bxf2+  0-1

[Event "3rd Geller mem Open A"]
[Site "Odessa UKR"]
[Date "2007.09.12"]
[Round "5"]
[White "Zhukova,N"]
[Black "Fingerov,D"]
[Result "0-1"]
[WhiteElo "2452"]
[BlackElo "2330"]

1.d4 d5 2.c4 dxc4 3.Nf3 c5 4.e3 cxd4 5.Bxc4 Qc7 6.Bb3 dxe3 7.Bxe3 e6 8.O-O Bc5
9.Bxc5 Qxc5 10.Nc3 Nc6 11.Ne4 Qb4 12.Re1 Nh6 13.a3 Qa5 14.Nd6+ Ke7 15.Nc4 Qc5
16.Rc1 Rd8 17.Qe2 Kf8 18.Rc3 Bd7 19.Rd1 Be8 20.Nd6 Qb6 21.Ba2 Nf5 22.Nxf5 Rxd1+
23.Qxd1 exf5 24.Rb3 Rd8 25.Qc1 Nd4 26.Nxd4 Qxd4 27.Re3 Qd1+ 28.Re1 Qxc1 29.Rxc1 Rd2
30.h3 Bc6 31.Bb1 Rxb2 32.Bxf5 g6 33.Bg4 h5 34.Bf3 Bxf3 35.gxf3 Rb3 36.Rc7 Rxf3
37.Rxb7 Rxa3 38.Kg2 Kg7 39.Rc7 g5 40.Rb7 Kg6 41.Rc7 a5 42.Ra7 f6 43.Ra6 g4
44.hxg4 hxg4 45.Ra8 Kg5 46.Rb8 Kf4 47.Rb5 Ra2 48.Rc5 f5 49.Rc4+ Ke5 50.Rc5+ Ke4
51.Rc4+ Kd5 52.Rf4 Ke5 53.Rc4 f4 54.Kg1 a4 55.Rb4 a3 56.Ra4 Ra1+ 57.Kg2 f3+
58.Kg3 a2 59.Kh2 g3+  0-1

[Event "Reykjavik CC Inv"]
[Site "Reykjavik ISL"]
[Date "2007.09.21"]
[Round "5"]
[White "Kaunas,K"]
[Black "Petursson,Mat"]
[Result "1-0"]
[WhiteElo "2273"]
[BlackElo "1919"]

1.d4 d5 2.c4 dxc4 3.Nf3 a6 4.e3 Nf6 5.Bxc4 e6 6.Qe2 c5 7.dxc5 Bxc5 8.e4 Nc6
9.O-O e5 10.Nc3 O-O 11.Rd1 Nd4 12.Nxd4 Bxd4 13.Be3 Qb6 14.Bxd4 exd4 15.Nd5 Nxd5
16.exd5 Rd8 17.Qd2 Rd6 18.Qxd4 Qxd4 19.Rxd4 b5 20.Bb3 Bb7 21.Rc1 Rad8 22.Rc7 Ba8
23.f3 Kf8 24.Rc5 Ke7 25.Kf2 Kf6 26.Rf4+ Ke5 27.Rxf7 Bxd5 28.Ke3 Re8 29.Rf4 Red8
30.Rd4 Ke6 31.Rdxd5 Rxd5 32.Rxd5 Rxd5 33.Ke4  1-0

[Event "George Trundle NZ IM"]
[Site "Auckland NZL"]
[Date "2007.09.22"]
[Round "1"]
[White "Lukey,S"]
[Black "Conquest,S"]
[Result "0-1"]
[WhiteElo "2301"]
[BlackElo "2546"]

1.d4 d5 2.c4 dxc4 3.Nf3 a6 4.e3 Bg4 5.Bxc4 e6 6.O-O Nf6 7.Nc3 Nc6 8.h3 Bh5
9.b3 Bd6 10.Bb2 Qe7 11.Rc1 Rd8 12.Be2 O-O 13.Na4 Ne4 14.Nc3 Nxc3 15.Bxc3 Bg6
16.Bd3 e5 17.Bxg6 hxg6 18.Qe2 exd4 19.Nxd4 Nb4 20.Rfd1 Nd5 21.Ba1 Rfe8 22.Nf3 c6
23.Rc4 Bc5 24.Bd4 Bxd4 25.Rdxd4 c5 26.Rd2 b5 27.Rcc2 Rd7 28.a4 Rb8 29.axb5 axb5
30.e4 Nf4 31.Qe3 Ne6 32.Rxd7 Qxd7 33.Rd2 Qa7 34.Qd3 Qa5 35.Qc2 Qb4 36.g3 Ra8
37.Qd3 Qa5 38.Qc2 Rc8 39.Rd5 Qb4 40.Qd3 c4 41.bxc4 bxc4 42.Qc2 c3 43.Kg2 Qb2
44.Qxb2 cxb2 45.Rb5 Rc2 46.Rb8+ Kh7 47.Ne5 Ng5 48.Nd3 Rd2 49.Nxb2 Nxe4 50.Kf3 f5
51.Nc4 Rxf2+ 52.Ke3 Rh2 53.Ne5 Rxh3 54.Nf7 Rxg3+ 55.Kf4 g5+ 56.Kxf5 Rf3+
57.Ke6 Rf6+ 58.Ke7 Kg6 59.Ne5+ Kf5 60.Nc4 Rc6 61.Rf8+ Nf6 62.Nd6+ Kf4 63.Ne8 Ke5
64.Kf7 Nxe8 65.Rxe8+ Kf4 66.Kxg7 g4  0-1

[Event "TCh-ROU Superliga"]
[Site "Predeal ROU"]
[Date "2007.10.16"]
[Round "4"]
[White "Ionescu,Co"]
[Black "Thesing,M"]
[Result "1/2-1/2"]
[WhiteElo "2437"]
[BlackElo "2393"]

1.d4 d5 2.c4 dxc4 3.Nf3 a6 4.a4 Nf6 5.e3 Bg4 6.Bxc4 e6 7.Nc3 Nc6 8.h3 Bh5
9.O-O Bd6 10.Be2 O-O 11.b3 Qe7 12.Bb2 Rfd8 13.Nd2 Bxe2 14.Nxe2 e5 15.Qc2 Nb4
16.Qb1 e4 17.Nc3 Re8 18.a5 Qe6 19.Ba3 Nbd5 20.Rc1 Nxc3 21.Rxc3 Nd5 22.Rc2 Rad8
23.Bxd6 cxd6 24.b4 f5 25.Qb3 f4 26.exf4 Nxf4 27.Qxe6+ Nxe6 28.d5 Nf4 29.Rc4 e3
30.fxe3 Nxd5 31.e4 Nf6 32.Rc7 Rb8 33.Rf1 Rec8 34.Rfc1 Re8 35.R1c4 d5 36.exd5 Nxd5
37.Rd7 Nf6 38.Rdc7 Nd5 39.Rd7 Nf6  1/2-1/2

[Event "17th TCh-SLO w"]
[Site "Ljubljana SLO"]
[Date "2007.11.29"]
[Round "1"]
[White "Ushenina,A"]
[Black "Krivec,J"]
[Result "1-0"]
[WhiteElo "2486"]
[BlackElo "2315"]

1.d4 d5 2.c4 dxc4 3.Nf3 c5 4.e4 cxd4 5.Qxd4 Bd7 6.Bxc4 Nc6 7.Qe3 e6 8.O-O Qc7
9.Nc3 Ne5 10.Be2 Nxf3+ 11.Qxf3 Bd6 12.Nb5 Bxb5 13.Bxb5+ Kf8 14.Bd2 Bxh2+
15.Kh1 Bd6 16.Rac1 Qe7 17.g3 g6 18.Rfd1 Qf6 19.Bh6+ Ke7 20.Rc7+ Bxc7 21.Qa3+  1-0

[Event "ch-GRE"]
[Site "Igoumenitsa GRE"]
[Date "2007.12.07"]
[Round "7"]
[White "Galopoulos,N"]
[Black "Mastrovasilis,A"]
[Result "1/2-1/2"]
[WhiteElo "2172"]
[BlackElo "2529"]

1.d4 d5 2.c4 dxc4 3.Nf3 a6 4.e3 c5 5.Bxc4 e6 6.O-O Nf6 7.Qe2 Nbd7 8.Rd1 b5
9.Bb3 Bb7 10.a4 Qb6 11.axb5 axb5 12.Rxa8+ Bxa8 13.Bc2 Be7 14.Nc3 c4 15.b3 Qa5
16.Bb2 O-O 17.Ra1 Qb6 18.bxc4 bxc4 19.Rb1 Qc7 20.e4 Rb8 21.Bc1 Rxb1 22.Bxb1 Bb4
23.Bb2 Nb6 24.Bc2 Qf4 25.Nd2 h5 26.g3 Qg5 27.Nf1 Qa5 28.Qe3 Bxc3 29.Bxc3 Qa2
30.d5 Qxc2 31.Bxf6 gxf6 32.Qxb6 Kg7 33.Qd4 c3 34.dxe6 Qxe4 35.Qxe4 Bxe4 36.e7 Bc6
37.Ne3 f5 38.Kf1 Kf6 39.Nd5+ Ke6 40.Nxc3 Kxe7 41.Ke2 Kf6 42.Ke3 Kg5 43.h4+ Kg4
44.Ne2 Bb7 45.Nf4 Be4 46.Ne2 Bb7 47.f4 Ba6 48.Nd4 Kxg3 49.Nxf5+ Kh3 50.Nd6 f6
51.Ne8 f5 52.Ng7 Kg4 53.Kd4 Bb5 54.Ke5 Bd3 55.Ne8 Kxh4 56.Nf6 Bc2 57.Ke6 Be4
58.Ke5 Bd3 59.Ke6 Bc2 60.Ke5 Bb1 61.Ke6 Be4 62.Ke5 Bd3 63.Ke6 Bc2 64.Ke5 Bd3
65.Ke6 Ba6 66.Kxf5 Bc8+ 67.Kg6 Bg4 68.Nxh5  1/2-1/2